| 000 | 00383nam a2200121Ia 4500 | ||
|---|---|---|---|
| 008 | 220216s9999 xx 000 0 und d | ||
| 100 | _aPeethambaran N.R. | ||
| 245 | 0 | _aModern developments in the application of rubber | |
| 260 |
_bIndian Rubber Industry: Commemorative Number For Express Hotelier and Caterer _c2001 |
||
| 300 | _a21-22 | ||
| 650 | _aRubber application | ||
| 942 | _cBS | ||
| 999 |
_c52181 _d52181 |
||